[One Piece] Équipage de Kidd en images - Statistiques

Statistiques générales
  • Ce quiz a été pris 78 fois
  • Le résultat moyen est 7 sur 22
Statistiques - réponses
Par images Réponse % Correct
Eutass "Captain" Kidd
100%
Killer
98%
Heat
73%
Wire
53%
Emma
28%
Hip
25%
Hop
25%
Dive
23%
UK
23%
Compo
20%
House
20%
Boogie
18%
Bubblegum
18%
Disc J
18%
Gig
18%
Jagger
18%
Moaï
18%
Mosh
18%
Papas
18%
Pomp
18%
Quincy
18%
Rec
18%
Aucun quiz correspondant
Distribution des résultats
% des personnes avec chaque résultat
Percentile par nombre de réponses
Votre historique - résultats
Vous n’avez pas pris ce quiz